000 00808nas a2200277 i 4500
001 2716
003 ES-MaACL
005 20250728110711.0
007 t|
008 990125c1991 mx f| | 0 ||pa d
080 _a(72)
080 _a2
245 0 0 _aRevista de estudios budistas.
260 _aMexico ;
_aBuenos Aires :
_bAsociación Latinoamericana de Estudios Budistas,
_c1991-
300 _a2 v. ;
_c21 cm.
310 _aSemestral
362 0 _aNº 1 (abril 1991)-
650 1 7 _aReligión
_2embne
_916797
655 7 _2tgfbne
_9226866
_aRevistas
710 2 _aAsociación Latinoamericana de Estudios Budistas.
_91739
852 _aES-MaACL
_jHem-1951
866 0 _o(1991 f.n.1)1992-97.
942 _2udc
_cPERIODICA
999 _c2716
_d2716